[Event "Isthmia 2011"]
[Site "Vrachati"]
[Date "2011.08.24"]
[Round "8.12"]
[White "Jojua, Davit"]
[Black "Azis, Azizis Ektoras"]
[Result "1/2-1/2"]
[WhiteElo "2505"]
[BlackElo "2246"]
[PlyCount "54"]
[EventDate "2011.08.18"]

1. d4 d6 2. Nf3 g6 3. c4 Bg7 4. Nc3 Nf6 5. e4 O-O 6. h3 e5 7. d5 Nh5 8. Nh2 Qe8
9. Be2 f5 10. exf5 Nf4 11. Bxf4 exf4 12. fxg6 Qxg6 13. Kf1 Nd7 14. Nf3 Nc5 15.
Kg1 Kh8 16. Kh2 Rg8 17. Rg1 Bd7 18. Qd2 Raf8 19. Rae1 a5 20. Bd1 Bf6 21. Bc2
Qh5 22. Ne4 Nxe4 23. Bxe4 Rf7 24. Kh1 Qh6 25. Qc2 Qh5 26. Qd2 Qh6 27. Qc2 Qh5
1/2-1/2

[Event "Isthmia 2011"]
[Site "Vrachati"]
[Date "2011.08.24"]
[Round "8.14"]
[White "Kostouros, Alexandros"]
[Black "Kasparov, Sergey"]
[Result "1/2-1/2"]
[WhiteElo "2166"]
[BlackElo "2503"]
[PlyCount "107"]
[EventDate "2011.08.18"]

1. e4 d5 2. exd5 Qxd5 3. d4 Nc6 4. Nf3 Bg4 5. Be2 O-O-O 6. Be3 e5 7. dxe5 Bxf3
8. Bxf3 Qxe5 9. Nd2 Bc5 10. Qe2 Bxe3 11. Qxe3 Qxe3+ 12. fxe3 Ne5 13. O-O-O Ne7
14. b3 Rhe8 15. Rhe1 c6 16. h3 Kc7 17. Be4 g6 18. Nf3 Rxd1+ 19. Kxd1 Nxf3 20.
gxf3 f5 21. Bd3 Nd5 22. Kd2 f4 23. exf4 Rxe1 24. Kxe1 Nxf4 25. Bf1 Kd6 26. Kf2
Ke5 27. Kg3 b5 28. a3 a5 29. Kg4 h6 30. h4 Nd5 31. Bd3 Ne3+ 32. Kg3 g5 33. hxg5
hxg5 34. c3 Kd6 35. Kf2 Nd1+ 36. Kg3 Ke5 37. c4 Nb2 38. Be2 bxc4 39. bxc4 Kd4
40. Kg4 Ke3 41. Bf1 Kf2 42. Bh3 Nxc4 43. f4 gxf4 44. Kxf4 Nxa3 45. Ke4 Ke2 46.
Kd4 Kd2 47. Bd7 Nc2+ 48. Kc4 Nb4 49. Kb3 c5 50. Kc4 Nd3 51. Ba4 Nb2+ 52. Kxc5
Nxa4+ 53. Kb5 Nc3+ 54. Kxa5 1/2-1/2

[Event "Isthmia 2011"]
[Site "Vrachati"]
[Date "2011.08.24"]
[Round "8.15"]
[White "Georgiadis, Ioannis"]
[Black "Michelakos, Panagiotis"]
[Result "1-0"]
[WhiteElo "2464"]
[BlackElo "2111"]
[PlyCount "107"]
[EventDate "2011.08.18"]

1. d4 Nf6 2. Nf3 e6 3. g3 b6 4. Bg2 Bb7 5. c4 Be7 6. O-O O-O 7. Nc3 Ne4 8. Bd2
f5 9. Rc1 Bf6 10. d5 Nxc3 11. Bxc3 Na6 12. Nd4 exd5 13. cxd5 Nc5 14. Qc2 Bxd4
15. Bxd4 d6 16. b4 Na6 17. a3 Qd7 18. f4 Rac8 19. e4 c5 20. dxc6 Bxc6 21. Qa2+
Kh8 22. exf5 Bxg2 23. Qxg2 Rxf5 24. Qe2 Nc7 25. Rfe1 Rf7 26. Rc3 Kg8 27. Re3
Nd5 28. Re6 Rcf8 29. Qe4 Nc7 30. Re7 Rxe7 31. Qxe7 Qxe7 32. Rxe7 Rf7 33. Re2
Kf8 34. Kg2 g6 35. Kf3 Re7 36. Rc2 Kf7 37. g4 Ke6 38. Re2+ Kf7 39. Rxe7+ Kxe7
40. Ke4 Kf7 41. a4 Ne6 42. f5 Ng5+ 43. Kd5 Ke7 44. h4 Nf7 45. fxg6 hxg6 46. g5
Kd7 47. Bf6 a6 48. b5 a5 49. Bd4 Ne5 50. Bxe5 dxe5 51. Kxe5 Ke7 52. Kf4 Kd6 53.
h5 gxh5 54. g6 1-0

[Event "Isthmia 2011"]
[Site "Vrachati"]
[Date "2011.08.24"]
[Round "8.16"]
[White "Kasparova, Tatiana"]
[Black "Galopoulos, Nikolaos"]
[Result "0-1"]
[WhiteElo "2129"]
[BlackElo "2327"]
[PlyCount "62"]
[EventDate "2011.08.18"]

1. e4 d5 2. exd5 Qxd5 3. Nf3 Nf6 4. Be2 Bg4 5. O-O Nc6 6. h3 Bh5 7. d4 O-O-O 8.
c4 Qd7 9. d5 Bxf3 10. Bxf3 Ne5 11. Be2 e6 12. dxe6 Qxe6 13. Qa4 Bc5 14. Nc3
Rhe8 15. Bf4 Qf5 16. Be3 Nc6 17. Bf3 Bxe3 18. Bxc6 bxc6 19. fxe3 Qc5 20. Nd1
Rd2 21. b4 Qe5 22. Nf2 Rxf2 23. Rxf2 Qxa1+ 24. Rf1 Qe5 25. Qxc6 Qxe3+ 26. Kh2
Qe4 27. Qa6+ Qb7 28. Qa5 Qb6 29. Qa4 Re4 30. Qc2 Qd6+ 31. Kh1 Qxb4 0-1

[Event "Isthmia 2011"]
[Site "Vrachati"]
[Date "2011.08.24"]
[Round "8.17"]
[White "Mihopoulos, Konstantinos"]
[Black "Gogolis, Alexandros"]
[Result "1/2-1/2"]
[WhiteElo "1968"]
[BlackElo "2261"]
[PlyCount "100"]
[EventDate "2011.08.18"]

1. e4 d5 2. exd5 Qxd5 3. Nc3 Qa5 4. Bc4 Nf6 5. h3 e6 6. d4 c5 7. Bd2 cxd4 8.
Nb5 Bb4 9. Bxb4 Qxb4+ 10. c3 dxc3 11. Nc7+ Ke7 12. Qb3 Qa5 13. Qa3+ Qxa3 14.
bxa3 Bd7 15. Nxa8 Rc8 16. Bd3 Bc6 17. f3 Nbd7 18. Ne2 Ne5 19. O-O-O Nd5 20. Be4
Rxa8 21. Bxd5 Bxd5 22. Nxc3 Rc8 23. Kb2 Nc4+ 24. Ka1 Bc6 25. Rd4 Nb6 26. Rc1 g5
27. Ne4 h6 28. Rcd1 Nd5 29. Kb2 Rg8 30. Nc3 Ne3 31. R1d2 Nf5 32. R4d3 h5 33.
Ne4 g4 34. hxg4 hxg4 35. Nc5 gxf3 36. gxf3 Rg3 37. Nxb7 Rxf3 38. Na5 Bd5 39.
Rxd5 exd5 40. Rxd5 Nd6 41. Nc6+ Ke6 42. Re5+ Kd7 43. Rc5 Rf2+ 44. Kb3 Ne4 45.
Rc1 Rf6 46. Nxa7 Rb6+ 47. Kc4 Ra6 48. Rd1+ Nd6+ 49. Kc5 Ra5+ 50. Kb6 Re5
1/2-1/2

[Event "Isthmia 2011"]
[Site "Vrachati"]
[Date "2011.08.24"]
[Round "8.18"]
[White "Pavlidou, Ekaterini"]
[Black "Naoum, Spyridon"]
[Result "1/2-1/2"]
[WhiteElo "2220"]
[BlackElo "1999"]
[PlyCount "100"]
[EventDate "2011.08.18"]

1. d4 Nf6 2. c4 g6 3. Nc3 d5 4. cxd5 Nxd5 5. Bd2 Bg7 6. e4 Nxc3 7. Bxc3 O-O 8.
Nf3 c5 9. d5 Bxc3+ 10. bxc3 Bg4 11. Be2 Nd7 12. Nd2 Bxe2 13. Qxe2 Qc7 14. O-O
c4 15. a4 Rac8 16. Kh1 Rfe8 17. Nf3 Ne5 18. Nd4 Nd3 19. f4 Nxf4 20. Qf2 e5 21.
Nb5 Qd7 22. Nxa7 Ra8 23. Nb5 Red8 24. Qh4 Ra6 25. g3 Nd3 26. d6 Rf8 27. Rf6 Nc5
28. Raf1 Nxa4 29. Kg2 Nc5 30. Rb1 Rb6 31. Nc7 Rxb1 32. Nd5 Rb2+ 33. Kf3 Nd3 34.
Ke3 b5 35. Qh6 Qa7+ 36. Kf3 Rf2+ 37. Kg4 Re8 38. Kg5 Re6 39. Rxe6 fxe6 40. Ne7+
Kf7 41. Qxh7+ Ke8 42. Qg8+ Kd7 43. Nd5 Kxd6 44. Qd8+ Kc6 45. Qc8+ Kd6 46. Qd8+
Kc6 47. Ne7+ Kc5 48. Qc8+ Kd6 49. Qd8+ Kc5 50. Qc8+ Kd6 1/2-1/2

[Event "Isthmia 2011"]
[Site "Vrachati"]
[Date "2011.08.24"]
[Round "8.19"]
[White "Valden, Petros"]
[Black "Theodorou, Nikolas"]
[Result "1-0"]
[WhiteElo "2201"]
[BlackElo "1859"]
[PlyCount "149"]
[EventDate "2011.08.18"]

1. c4 g6 2. Nc3 Bg7 3. g3 c5 4. Bg2 Nc6 5. e3 e5 6. Nge2 Nge7 7. O-O O-O 8. a3
d6 9. Rb1 Be6 10. Nd5 Qd7 11. b4 Rac8 12. Nec3 b6 13. d3 f5 14. Bd2 g5 15. f4
g4 16. b5 Nd8 17. a4 Nb7 18. Nxe7+ Qxe7 19. Nd5 Bxd5 20. Bxd5+ Kh8 21. Re1 h5
22. Bc3 Qc7 23. Qd2 Na5 24. Qb2 Qe7 25. Re2 Rce8 26. Rbe1 e4 27. dxe4 fxe4 28.
Bxg7+ Qxg7 29. Qxg7+ Kxg7 30. Rc2 Rf6 31. Kg2 Kg6 32. h3 gxh3+ 33. Kxh3 Kf5 34.
Rh1 Re7 35. Kg2 Rh6 36. Rh4 Rg7 37. Rc1 Rhg6 38. Rxh5+ Kf6 39. Rh3 Re7 40. Kf2
Nb3 41. Rc2 Kf5 42. Rh5+ Kf6 43. Kg2 Reg7 44. Rh3 Kf5 45. Kh2 Re7 46. Rh4 Reg7
47. Rg2 Na5 48. Kh3 Rg4 49. Rxg4 Rxg4 50. Be6+ Kxe6 51. Kxg4 Nxc4 52. Re2 d5
53. Kg5 Nd6 54. Rd2 Nf5 55. g4 Nd6 56. Kg6 Ne8 57. f5+ Ke5 58. g5 d4 59. exd4+
cxd4 60. f6 Nd6 61. f7 Nxf7 62. Kxf7 e3 63. Re2 Ke4 64. g6 d3 65. Rg2 d2 66. g7
d1=Q 67. g8=Q Qd5+ 68. Ke7 Qc5+ 69. Kd7 Qd4+ 70. Kc7 Qe5+ 71. Kb7 Qe7+ 72. Ka6
Kd4 73. Qg7+ Qxg7 74. Rxg7 e2 75. Re7 1-0

[Event "Isthmia 2011"]
[Site "Vrachati"]
[Date "2011.08.24"]
[Round "8.20"]
[White "Lommers, Frank"]
[Black "Kouvatsos, Filippos"]
[Result "0-1"]
[WhiteElo "2176"]
[BlackElo "2152"]
[PlyCount "48"]
[EventDate "2011.08.18"]

1. e4 c6 2. d4 d5 3. exd5 cxd5 4. Bd3 Nc6 5. c3 Qc7 6. Ne2 Bg4 7. f3 Bh5 8. Bf4
Qd7 9. O-O e6 10. Qe1 Nf6 11. Qh4 Rg8 12. Bg5 Bg6 13. Bxg6 hxg6 14. Nf4 O-O-O
15. Nd3 Bd6 16. Bxf6 gxf6 17. Qxf6 g5 18. Qh6 Rh8 19. Qxg5 Rdg8 20. Qe3 Rxh2
21. g4 Rgh8 22. Nd2 Qe7 23. g5 R8h3 24. Rfe1 Rh1+ 0-1